Những chiếc máy thông minh

Spremljeno u:
Bibliografski detalji
Glavni autor: Nguyễn, Bá Hào
Format: Knjiga
Jezik:Undetermined
Izdano: Hà Nội Văn hoá Thông tin 2003
Teme:
Oznake: Dodaj oznaku
Bez oznaka, Budi prvi tko označuje ovaj zapis!
Thư viện lưu trữ: Trung tâm Học liệu Trường Đại học Cần Thơ
LEADER 00555nam a2200193Ia 4500
001 CTU_90840
008 210402s9999 xx 000 0 und d
020 |c 16000 
082 |a 500 
082 |b H108 
100 |a Nguyễn, Bá Hào 
245 0 |a Những chiếc máy thông minh 
245 0 |c Nguyễn Bá Hào, Hoàng Kiếm 
260 |a Hà Nội 
260 |b Văn hoá Thông tin 
260 |c 2003 
650 |a Science 
904 |i Mai Loan (Nguyên sửa) 
980 |a Trung tâm Học liệu Trường Đại học Cần Thơ